Teorie přenosu zpráv

Gespeichert in:
Bibliographische Detailangaben
1. Verfasser: Šebesta, Vladimír
Körperschaft: Vysoké učení technické v Brně
Format: Buch
Sprache:Tschechisch
Veröffentlicht: Praha Státní nakladatelství technické literatury 1982
Ausgabe:2. nezměn. vyd.
Tags: Tag hinzufügen
Keine Tags, Fügen Sie das erste Tag hinzu!

MARC

LEADER 00000nam a2200000 4500
001 c131417
005 20190425091046.3
041 0 |a cze 
044 |a CZ 
245 1 0 |a Teorie přenosu zpráv  |c Vladimír Šebesta 
250 |a 2. nezměn. vyd. 
264 1 |a Praha  |b Státní nakladatelství technické literatury  |c 1982 
300 |a 155 s. 
100 1 |a Šebesta, Vladimír 
710 2 |a Vysoké učení technické v Brně